MARC details
| 000 -CABECERA |
| campo de control de longitud fija |
01315ngm a2200229 a 4500 |
| 005 - FECHA Y HORA DE LA ÚLTIMA TRANSACCIÓN |
| campo de control |
20240806064006.0 |
| 008 - ELEMENTOS DE LONGITUD FIJA--INFORMACIÓN GENERAL |
| campo de control de longitud fija |
991125s1999 mx 059 aaspa u |
| 035 ## - NÚMERO DE CONTROL DEL SISTEMA |
| Número de control de sistema |
UPN01000058773 |
| 049 ## - COLECCIÓN |
| Colección |
AV |
| 050 #4 - SIGNATURA TOPOGRÁFICA DE LA BIBLIOTECA DEL CONGRESO |
| Número de clasificación |
PVI P 0777 |
| 100 1# - ASIENTO PRINCIPAL--NOMBRE PERSONAL |
| Nombre de persona |
Woolf, Virginia, |
| Fechas asociadas al nombre |
1882-1941 |
| 9 (RLIN) |
30603 |
| 245 10 - MENCIÓN DE TÍTULO |
| Título |
Virginia Woolf : |
| Resto del título |
la señora Dalloway / |
| Mención de responsabilidad, etc. |
producida y dir. por Kim Evans. |
| 260 ## - PUBLICACIÓN, DISTRIBUCIÓN, ETC. |
| Lugar de publicación, distribución, etc. |
México : |
| Nombre del editor, distribuidor, etc. |
Canal 22 ; |
| -- |
CNCA, |
| Fecha de publicación, distribución, etc. |
1999. |
| 300 ## - DESCRIPCIÓN FÍSICA |
| Extensión |
1 videocasete (VHS) (59 min.). |
| 440 #0 - MENCIÓN DE SERIE/ASIENTO SECUNDARIO--TÍTULO |
| Título |
Literatura. |
| Nombre de parte o sección de la obra |
El mundo moderno ; |
| Designación de volumen o secuencia |
10 grandes escritores |
| 500 ## - NOTA GENERAL |
| Nota general |
Reparto: Eileen Atkins (Virginia Woolf), Susan Tracy (Sra.Dalloway), John Castle (Peter Walsh), Robert Daws (Septimus Warren-Smith), Jenifer Landor (Lucrezia Warren-Smith), Eva Griffith (Clarisa Dalloway jóven), Gerard Logan |
| 500 ## - NOTA GENERAL |
| Nota general |
Dona Kirsch (Sally Seton), Christina Greatrex (Lady Bradshaw). |
| 520 ## - NOTA DE RESUMEN, ETC. |
| Sumario, etc. |
La película presenta la primera obra de Virginia Woolf, usando los diarios intercalados de la autora. La película refleja la estructura de la novela en su dinámica dentro y fuera de distintas mentes, de discursos y silencios, del pasado y del presente, mientras usa las propias palabras de Virginia Woolf para explicar lo que in |
| 600 10 - ASIENTO SECUNDARIO DE MATERIA - NOMBRE PERSONAL |
| Nombre de persona |
Woolf, Virginia, |
| Fechas asociadas al nombre |
1882-1941 |
| 9 (RLIN) |
30603 |
| 650 #4 - ASIENTO SECUNDARIO DE MATERIA - TERMINO TEMATICO |
| Término de materia o nombre geográfico como elemento de entrada |
Literatura inglesa |
| 9 (RLIN) |
5228 |
| 905 ## - TIPO DE MATERIAL |
| Tipo de material |
Audiovisuales |